Mathematical Aspects of Numerical Solution of Hyperbolic Systems /

Salvato in:
Dettagli Bibliografici
Autore principale: Kulikovskii, Andrei G. (autor)
Altri autori: Pogorelov, Nikkolai V. (autor) (autor), Semenov, Andrei Yu. (autor) (autor)
Natura: Libro
Lingua:inglese
Pubblicazione: Boca Ratón, EUA : Chapman and Hall : CRC Press, 2001, c2001
Serie:(Monographs and Surveys in Pure and Applied Mathematics ; 118)
Soggetti:
Tags: Aggiungi Tag
Nessun Tag, puoi essere il primo ad aggiungerne!!

MARC

LEADER 00000nam^a2200000^a^4500
001 000136787
005 20250521000000.0
009 20260310095329.913
020 |a 0-8493-0608-6 
037 |a Acervo ITESO - Biblioteca 
041 |a ING 
082 |a 515. 353  |b KUL 
100 |a Kulikovskii, Andrei G.  |e (autor) 
245 1 0 |a Mathematical Aspects of Numerical Solution of Hyperbolic Systems /  |c A. Kulikovskii, N.V. Pogorelov, A.Y. Semenov. 
264 4 |a Boca Ratón, EUA :  |b Chapman and Hall :  |b CRC Press,  |c 2001, c2001 
300 |a XIII, 540 p. 
336 |a texto  |b txt  |2 rdacontenido 
337 |a sin mediación  |b n  |2 rdamedio 
338 |a volumen  |b nc  |2 rdasoporte 
440 1 |a (Monographs and Surveys in Pure and Applied Mathematics ;  |v 118) 
649 |a XX 
650 |a Ecuaciones -  |x Soluciones Numéricas 
650 |a Ecuaciones Diferenciales 
650 |a Cálculo 
650 |a Sistemas No Lineales 
650 |a Análisis Matemático 
650 |a Matemáticas de Ingeniería 
650 |a Matemáticas 
700 |a Pogorelov, Nikkolai V.  |e (autor) 
700 |a Semenov, Andrei Yu.  |e (autor) 
910 |a Fondo General 
920 |a Impresos - Libros 
930 |a Colección General 
905 |a 101 
901 |a 0500065485  |b IT1  |c ACC  |u 20250521 
902 |a https://opac.biblio.iteso.mx/vufind/Record/000136787